[Event "Benidorm op-B"]
[Site "Benidorm"]
[Date "2022.12.06"]
[Round "4"]
[White "Lopez Palomar, Jose"]
[Black "Tsiapko, Andrii"]
[Result "0-1"]
[WhiteElo "1913"]
[BlackElo "1619"]
[PlyCount "80"]
[EventDate "2022.12.03"]
[EventType "swiss"]
[EventRounds "9"]
[EventCountry "ESP"]
[SourceTitle "CBM 212 Extra"]
[Source "ChessBase"]
[SourceDate "2023.03.31"]
[SourceVersion "1"]
[SourceVersionDate "2023.03.31"]
[SourceQuality "1"]

1. d4 d5 2. Bf4 Nf6 3. e3 c5 4. Nc3 cxd4 5. exd4 a6 6. Nf3 Nc6 7. Ne5 Bf5 8. f3 Qb6 9. Nxc6 bxc6 10. Na4 Qd8 11. c3 a5 12. g4 Bg6 13. Qb3 Ra7 14. Bb8 Ra8 15. Bg3 Ra7 16. h4 h5 17. g5 Nd7 18. Bh3 e6 19. 0-0 Be7 20. f4 0-0 21. f5 exf5 22. c4 Nb8 23. Bxf5 Bxf5 24. Rxf5 g6 25. Rf3 Bd6 26. c5 Bxg3 27. Rxg3 Re7 28. Rf1 Re4 29. Qd3 Rxh4 30. Rf6 Kg7 31. Nc3 Re8 32. Qf3 Qe7 33. Kg2 Rxd4 34. Kh3 Nd7 35. Rxc6 Qe5 36. a3 Rd2 37. b4 h4 38. Kxh4 Rh8+ 39. Kg4 Qd4+ 40. Ne4 Ne5+ 0-1

[Event "Valencia op 7th"]
[Site "Valencia"]
[Date "2014.01.04"]
[Round "7"]
[White "Lopez Palomar, Jose"]
[Black "Esteban Hernandez, Eusebio"]
[Result "1-0"]
[WhiteElo "1635"]
[BlackElo "1847"]
[PlyCount "149"]
[EventDate "2014.01.02"]
[EventType "swiss"]
[EventRounds "7"]
[EventCountry "ESP"]
[SourceTitle "CBM 158 Extra"]
[Source "ChessBase"]
[SourceDate "2014.02.28"]
[SourceVersion "1"]
[SourceVersionDate "2014.02.28"]
[SourceQuality "1"]

1. d4 d6 2. c4 Nf6 3. Nc3 c6 4. e4 Qc7 5. Nf3 Nbd7 6. h3 e5 7. d5 g6 8. Be2 Bg7 9. 0-0 0-0 10. Qc2 a6 11. b4 c5 12. a3 Ne8 13. b5 f5 14. Nh2 Ndf6 15. f3 f4 16. Kf2 Nh5 17. Rg1 Qd8 18. Bd3 Qh4+ 19. Ke2 Ng3+ 20. Kd1 Nf6 21. Nf1 Nfh5 22. Nxg3 fxg3 23. Ne2 axb5 24. cxb5 g5 25. Kd2 Bd7 26. a4 Bh6 27. Kc3 Bg7 28. Bd2 Bf6 29. Qc1 Bd8 30. Kb3 h6 31. Qe1 Bb6 32. Bc4 Nf4 33. Nxf4 gxf4 34. a5 Bc7 35. b6 Bb8 36. a6 bxa6 37. Bxa6 Qd8 38. b7 Qb6+ 39. Kc4 Rxa6 40. Qb1 Qxb1 41. Rgxb1 Rxa1 42. Rxa1 Kf7 43. Ba5 Ke7 44. Bb6 Bxh3 45. gxh3 Kd7 46. Ra8 g2 47. Ra1 Rg8 48. Rg1 Rg3 49. h4 Ke7 50. Kb5 Kf7 51. h5 Rxf3 52. Rxg2 Rb3+ 53. Kc6 c4 54. Bc7 Ba7 55. Ra2 c3 56. Rxa7 c2 57. Ra1 Rb1 58. Rxb1 cxb1Q 59. b8Q Qxe4 60. Bxd6 Qa4+ 61. Qb5 Qxb5+ 62. Kxb5 f3 63. Bc5 Kf6 64. Kc4 Kf5 65. d6 Ke6 66. d7 Kxd7 67. Kd5 e4 68. Kxe4 Ke6 69. Kxf3 Kf6 70. Kg4 Kg7 71. Kf5 Kh7 72. Bd4 Kg8 73. Kg6 Kf8 74. Bc3 Kg8 75. Kxh6 1-0

[Event "Quart de Poblet Sub2300 1st"]
[Site "Quart de Poblet"]
[Date "2013.07.21"]
[Round "4.11"]
[White "Romero Calduch, Sergio"]
[Black "Lopez Palomar, Jose"]
[Result "1-0"]
[WhiteElo "2033"]
[BlackElo "1578"]
[PlyCount "59"]
[EventDate "2013.07.20"]
[EventType "swiss"]
[EventRounds "7"]
[EventCountry "ESP"]
[SourceTitle "EXT 2024"]
[Source "ChessBase"]
[SourceDate "2023.10.10"]
[SourceVersion "1"]
[SourceVersionDate "2023.10.10"]
[SourceQuality "1"]

1. d4 Nf6 2. c4 g6 3. Nc3 Bg7 4. e4 d6 5. f4 c5 6. d5 0-0 7. Nf3 Bg4 8. Be2 Nbd7 9. 0-0 a6 10. h3 Bxf3 11. Bxf3 Rb8 12. a4 Qa5 13. Bd2 Qb4 14. Qe2 Qb6 15. e5 Ne8 16. e6 Ndf6 17. f5 Qxb2 18. Rfb1 Qc2 19. g4 Nxd5 20. Nxd5 Bxa1 21. Rxa1 Ng7 22. Nxe7+ Kh8 23. f6 Nxe6 24. Bh6 Qxe2 25. Bxe2 Rfe8 26. Rb1 b6 27. Bf3 Rxe7 28. fxe7 Re8 29. Bc6 Rxe7 30. Rxb6 1-0

[Event "ESP-ch U10"]
[Site "Padron"]
[Date "2011.07.02"]
[Round "8.12"]
[White "Amador Garcia, Ismael"]
[Black "Lopez Palomar, Jose"]
[Result "0-1"]
[WhiteElo "1445"]
[BlackElo "1341"]
[PlyCount "101"]
[EventDate "2011.06.28"]
[EventType "swiss"]
[EventRounds "9"]
[EventCountry "ESP"]
[SourceTitle "EXT 2024"]
[Source "ChessBase"]
[SourceDate "2023.10.10"]
[SourceVersion "1"]
[SourceVersionDate "2023.10.10"]
[SourceQuality "1"]

1. e4 d6 2. Nf3 Nf6 3. d3 g6 4. Nc3 Bg7 5. Be3 0-0 6. h3 c5 7. Qd2 Nc6 8. Bh6 a6 9. Bxg7 Kxg7 10. 0-0-0 b5 11. g4 b4 12. Nd5 Nxd5 13. exd5 Na7 14. h4 Bxg4 15. Be2 f6 16. Rdg1 h5 17. Ne1 Bxe2 18. Qxe2 Rh8 19. Qe4 Rh6 20. Rg3 Nb5 21. Rhg1 Qe8 22. f4 f5 23. Qxf5 Nd4 24. Qe4 Qf7 25. Rg5 Qxf4+ 26. Qxf4 Ne2+ 27. Kd2 Nxf4 28. Rf1 Rf8 29. Rf3 e6 30. dxe6 Nxe6 31. Rxf8 Kxf8 32. Rd5 Ke7 33. Nf3 Rh8 34. d4 Rf8 35. Ke3 Rf5 36. Rxf5 gxf5 37. c3 bxc3 38. bxc3 cxd4+ 39. cxd4 d5 40. Ne5 Kd6 41. a4 a5 42. Kd2 Nxd4 43. Nf7+ Ke7 44. Ng5 Kf6 45. Kd3 Ne6 46. Nf3 Nc5+ 47. Kd4 Nxa4 48. Kxd5 Nb2 49. Kc5 f4 50. Kb5 Kf5 51. Kxa5 0-1